[Event "Skovbo GM 2014"]
[Site "?"]
[Date "2014.09.06"]
[Round "3.1"]
[White "Antonsen, Mikkel Djernæs"]
[Black "Vovk, Oksana"]
[Result "1-0"]
[WhiteElo "2459"]
[BlackElo "2070"]
[PlyCount "73"]
[EventDate "2014.??.??"]
[WhiteClock "0:39:32"]
[BlackClock "0:23:11"]

1. d4 d5 2. c4 dxc4 3. e4 e5 4. Nf3 exd4 5. Bxc4 Nc6 6. O-O Be6 7. Bb5 Bc5 8.
b4 Bb6 9. a4 a6 10. Bxc6+ bxc6 11. a5 Ba7 12. Bb2 Nf6 13. Bxd4 O-O 14. Bxa7
Qxd1 15. Rxd1 Rxa7 16. Nc3 Rb7 17. Rab1 Rfb8 18. Ne5 Kf8 19. Nxc6 Ra8 20. Rd8+
Rxd8 21. Nxd8 Rb8 22. Nc6 Rb7 23. Rd1 Bd7 24. Ne5 Ke8 25. Nd3 Bc6 26. f3 Nd7
27. Rc1 Kd8 28. Kf2 Bb5 29. Nxb5 Rxb5 30. Rc6 Nb8 31. Rc5 Rb7 32. Ke3 Ke7 33.
Kd2 Kd6 34. Kc3 Ke7 35. Re5+ Kd6 36. Re8 f6 37. Nc5 1-0

[Event "Skovbo GM 2014"]
[Site "?"]
[Date "2014.09.06"]
[Round "3.2"]
[White "Henriksen, Kasper"]
[Black "Burmakin, Vladimir"]
[Result "0-1"]
[WhiteElo "1979"]
[BlackElo "2584"]
[PlyCount "80"]
[EventDate "2014.??.??"]
[WhiteClock "0:16:47"]
[BlackClock "0:19:37"]

1. d4 Nf6 2. c4 e6 3. Nc3 d5 4. cxd5 exd5 5. Bg5 c6 6. Qc2 Be7 7. e3 Nbd7 8.
Bd3 h6 9. Bh4 O-O 10. Nge2 Re8 11. f3 c5 12. O-O b6 13. Rad1 Bb7 14. Bf5 cxd4
15. exd4 a6 16. Rfe1 b5 17. a3 Nb6 18. Bf2 Nc4 19. Nf4 Qc7 20. Nd3 Bd6 21. g3
Bc6 22. Qc1 a5 23. b4 Nxa3 24. Qxa3 axb4 25. Rxe8+ Nxe8 26. Qb2 bxc3 27. Qxc3
Ra3 28. Qc2 b4 29. Rb1 Ba4 30. Qxc7 Nxc7 31. Nxb4 Rxf3 32. Bg4 Ra3 33. Be2 Bd7
34. Nc2 Ra2 35. Bd3 Kf8 36. Kg2 Ne6 37. h4 Ba4 38. Rc1 Rb2 39. Kf3 Bc7 40. Be1
Bxc2 0-1

[Event "Skovbo GM 2014"]
[Site "?"]
[Date "2014.09.06"]
[Round "3.3"]
[White "Okhotnik, Vladimir"]
[Black "Semcesen, Daniel"]
[Result "1/2-1/2"]
[WhiteElo "2391"]
[BlackElo "2472"]
[PlyCount "33"]
[EventDate "2014.??.??"]
[WhiteClock "1:33:14"]
[BlackClock "1:16:15"]

1. e4 e5 2. Nf3 Nc6 3. Bc4 g6 4. d4 exd4 5. Nxd4 Bg7 6. Nxc6 bxc6 7. Nc3 d6 8.
O-O Ne7 9. Be3 O-O 10. Bd4 c5 11. Bxg7 Kxg7 12. Qd2 Be6 13. Bb3 Qd7 14. Rae1
Rad8 15. f4 Bxb3 16. axb3 f6 17. Ra1 1/2-1/2

[Event "Skovbo GM 2014"]
[Site "?"]
[Date "2014.09.06"]
[Round "3.4"]
[White "Danielsen, Henrik"]
[Black "Sylvan, Jacob"]
[Result "1/2-1/2"]
[WhiteElo "2488"]
[BlackElo "2336"]
[PlyCount "61"]
[EventDate "2014.??.??"]
[WhiteClock "0:35:33"]
[BlackClock "0:29:49"]

1. e4 g6 2. Nc3 Bg7 3. f4 c5 4. Nf3 Nc6 5. Bb5 Nd4 6. O-O Nxb5 7. Nxb5 Nf6 8.
d3 O-O 9. Nc3 d5 10. e5 Ne8 11. d4 cxd4 12. Qxd4 Nc7 13. Be3 b6 14. Rad1 e6 15.
Bf2 Ba6 16. Bh4 Qd7 17. Rf2 Rfc8 18. Qd2 Ne8 19. Nd4 Rc4 20. Nce2 Rac8 21. c3
R4c7 22. g4 f6 23. f5 fxe5 24. Nxe6 Rc4 25. Nxg7 Rxg4+ 26. Bg3 Nxg7 27. fxg6
Rxg6 28. Qxd5+ Qxd5 29. Rxd5 Nh5 30. Rxe5 Bxe2 31. Rfxe2 1/2-1/2

[Event "Skovbo GM 2014"]
[Site "?"]
[Date "2014.09.06"]
[Round "3.5"]
[White "Johansson, Alexander"]
[Black "Smith, Axel"]
[Result "0-1"]
[WhiteElo "2083"]
[BlackElo "2481"]
[PlyCount "126"]
[EventDate "2014.??.??"]
[WhiteClock "0:07:28"]
[BlackClock "0:07:35"]

1. d4 d5 2. Nc3 c5 3. e4 dxe4 4. d5 Nf6 5. Bg5 Nbd7 6. Bb5 a6 7. Bxd7+ Qxd7 8.
Nge2 h6 9. Be3 e6 10. Nf4 e5 11. Nh5 Nxh5 12. Qxh5 Qf5 13. Qh4 Qg6 14. Qxe4
Qxe4 15. Nxe4 f5 16. Nc3 Bd7 17. f4 exf4 18. Bxf4 O-O-O 19. O-O-O g5 20. Be5
Rg8 21. d6 Re8 22. Rhe1 Rg6 23. Nd5 Bxd6 24. Bxd6 Rxe1 25. Rxe1 Rxd6 26. Re5
Kd8 27. Ne3 Re6 28. Nc4 b5 29. Rxe6 Bxe6 30. Ne5 Ke7 31. b3 Kd6 32. Nd3 f4 33.
Kd2 Bf5 34. Nc1 b4 35. Ne2 Bg4 36. Nc1 Kd5 37. Nd3 Kd4 38. Nb2 h5 39. Nc4 Be6
40. Nb2 h4 41. Nd3 Bd5 42. Ne1 Be4 43. h3 Bc6 44. Ke2 Kc3 45. Nd3 Bb5 46. Kf3
Bxd3 47. cxd3 Kxd3 48. Kg4 a5 49. Kxg5 c4 50. bxc4 Kxc4 51. Kxh4 a4 52. Kg4 b3
53. axb3+ axb3 54. Kxf4 b2 55. g4 b1=Q 56. h4 Kd5 57. h5 Qc1+ 58. Kf5 Qh6 59.
g5 Qxh5 60. Kf6 Qf3+ 61. Kg7 Ke6 62. g6 Qh5 63. Kf8 Qh8# 0-1

[Event "Skovbo GM 2014"]
[Site "?"]
[Date "2014.09.06"]
[Round "3.6"]
[White "Brøndal, Paul"]
[Black "Bekker-Jensen, Simon"]
[Result "1/2-1/2"]
[WhiteElo "2052"]
[BlackElo "2442"]
[PlyCount "46"]
[EventDate "2014.??.??"]
[WhiteClock "0:27:17"]
[BlackClock "0:34:45"]

1. c4 Nf6 2. Nc3 g6 3. e4 d6 4. g3 Bg7 5. Bg2 O-O 6. Nge2 c5 7. O-O Nc6 8. d3
a6 9. h3 Rb8 10. f4 Bd7 11. Be3 b5 12. Qd2 Na5 13. cxb5 axb5 14. e5 Ne8 15. Ne4
b4 16. Rac1 f5 17. Ng5 Nc7 18. d4 Bb5 19. dxc5 dxe5 20. Qc2 Nc4 21. Qb3 e4 22.
Rxc4 Qd5 23. Rc2 Bd3 1/2-1/2

[Event "Skovbo GM 2014"]
[Site "?"]
[Date "2014.09.06"]
[Round "3.7"]
[White "Kristensen, Bjarke Hautop"]
[Black "Ahlander, Björn"]
[Result "0-1"]
[WhiteElo "1936"]
[BlackElo "2385"]
[PlyCount "68"]
[EventDate "2014.??.??"]
[WhiteClock "0:00:35"]
[BlackClock "0:07:28"]

1. c4 f5 2. Nc3 Nf6 3. g3 g6 4. Bg2 Bg7 5. b3 e5 6. d4 e4 7. e3 O-O 8. Bb2 d6
9. h4 Nc6 10. a3 a6 11. Nh3 Bd7 12. O-O Qe8 13. b4 Qf7 14. Rc1 h6 15. Qe2 Rae8
16. Rfd1 Bc8 17. b5 Na5 18. Nd5 axb5 19. Nxf6+ Bxf6 20. cxb5 g5 21. hxg5 hxg5
22. d5 Re7 23. b6 Bxb2 24. Qxb2 Qh5 25. bxc7 Nc4 26. Qb4 Ne5 27. Qxd6 Nf3+ 28.
Kf1 Rd7 29. Qe6+ Rdf7 30. Qb6 f4 31. exf4 Bxh3 32. Bxh3 Qxh3+ 33. Ke2 Rc8 34.
Rh1 Qg4 0-1

[Event "Skovbo GM 2014"]
[Site "?"]
[Date "2014.09.06"]
[Round "3.8"]
[White "Jepson, Christian"]
[Black "Simonsen, Per Barndorff"]
[Result "1-0"]
[WhiteElo "2406"]
[BlackElo "1869"]
[PlyCount "49"]
[EventDate "2014.??.??"]
[WhiteClock "0:43:10"]
[BlackClock "0:45:07"]

1. d4 Nf6 2. Nf3 e6 3. c4 d5 4. Nc3 c6 5. Bg5 Qa5 6. Bxf6 gxf6 7. e3 Nd7 8. Qc2
f5 9. cxd5 cxd5 10. Rc1 Be7 11. Be2 Nf6 12. O-O a6 13. Ne5 Bd7 14. f3 Rc8 15.
Qd2 Bc6 16. a3 Rg8 17. Ne4 Qxd2 18. Nxd2 Bd7 19. Rxc8+ Bxc8 20. Rc1 Bd7 21. Rc7
b5 22. Ra7 b4 23. Bxa6 bxa3 24. bxa3 Bxa3 25. Nxd7 1-0

[Event "Skovbo GM 2014"]
[Site "?"]
[Date "2014.09.06"]
[Round "3.9"]
[White "Stuhr, Peter Sebastian"]
[Black "Høi, Carsten"]
[Result "0-1"]
[WhiteElo "1942"]
[BlackElo "2399"]
[PlyCount "66"]
[EventDate "2014.??.??"]
[WhiteClock "0:01:33"]
[BlackClock "0:04:56"]

1. e4 g6 2. Nc3 Bg7 3. f4 Nc6 4. Nf3 d6 5. Bb5 Bg4 6. d4 Bxf3 7. gxf3 a6 8.
Bxc6+ bxc6 9. e5 Nh6 10. Ne4 Nf5 11. c3 e6 12. Qe2 Qe7 13. b3 c5 14. Be3 Qh4+
15. Kd2 cxd4 16. cxd4 O-O 17. Rag1 a5 18. Ng5 c5 19. Rg4 Qh5 20. dxc5 dxe5 21.
Qc4 Rad8+ 22. Ke2 Nxe3 23. Kxe3 Rd4 24. Qa6 exf4+ 25. Ke2 Rd5 26. h4 Rxc5 27.
Qd6 Re5+ 28. Kf2 Rc8 29. Qd2 Rf5 30. Rc1 Rxc1 31. Qxc1 Bf6 32. Rxf4 Bxg5 33.
hxg5 Qh2+ 0-1

[Event "Skovbo GM 2014"]
[Site "?"]
[Date "2014.09.06"]
[Round "3.10"]
[White "Andersen, Troels Bækgård"]
[Black "Carstensen, Jacob"]
[Result "0-1"]
[WhiteElo "1919"]
[BlackElo "2360"]
[PlyCount "64"]
[EventDate "2014.??.??"]
[WhiteClock "0:12:59"]
[BlackClock "0:34:09"]

1. d4 Nf6 2. Nf3 e6 3. e3 c5 4. c4 b6 5. Be2 Bb7 6. O-O Be7 7. b3 O-O 8. Bb2 d6
9. Nc3 a6 10. Re1 Nbd7 11. Bf1 Qc7 12. d5 exd5 13. Nxd5 Nxd5 14. cxd5 Bf6 15.
Bxf6 Nxf6 16. e4 Rfe8 17. Nd2 Re7 18. Bd3 Rae8 19. Re2 Nh5 20. Re3 Nf4 21. Qg4
Nxd3 22. Rxd3 Bc8 23. Qg3 f5 24. f3 b5 25. Rc1 Qd8 26. Re1 Rf8 27. e5 f4 28.
Qf2 Bf5 29. Rc3 Rfe8 30. Qh4 Qa5 31. Rec1 Rxe5 32. Qxf4 Qxa2 0-1

[Event "Skovbo GM 2014"]
[Site "Skovbo Kulturhus"]
[Date "2014.09.06"]
[Round "3.11"]
[White "Skjoldager, Flemming"]
[Black "Percivaldi, Martin"]
[Result "0-1"]
[WhiteElo "1876"]
[BlackElo "2327"]
[PlyCount "82"]
[EventDate "2014.??.??"]
[WhiteTeam "Holbæk Skakklub"]
[BlackTeam "Hillerød Skakklub"]

1. e4 e6 2. d4 d5 3. e5 c5 4. c3 Qb6 5. Nf3 Nc6 6. a3 c4 7. Nbd2 Na5 8. Be2 Bd7
9. a4 Ne7 10. O-O h6 11. Ne1 O-O-O 12. b4 cxb3 13. Nd3 Ng6 14. Ba3 Kb8 15. Bxf8
Rhxf8 16. Ra3 Rc8 17. Qa1 Rfd8 18. g3 Qc7 19. Rc1 Nc4 20. Nxc4 dxc4 21. Nb2 b5
22. axb5 Bxb5 23. Ra5 Qb7 24. Bf1 Ne7 25. Bg2 Qb6 26. Ra3 Nd5 27. Qb1 Rd7 28.
Qe4 g6 29. Qe1 h5 30. h4 Rb7 31. Bxd5 exd5 32. Rca1 Qe6 33. Qf1 Qf5 34. Rc1 Qf3
35. Qd1 Qe4 36. Qe1 Qf5 37. Qf1 g5 38. hxg5 Qxg5 39. Raa1 h4 40. Kg2 Rg8 41.
Qe1 Rb6 0-1

[Event "Skovbo GM 2014"]
[Site "Skovbo Kulturhus"]
[Date "2014.09.06"]
[Round "3.12"]
[White "Frisk, Ellinor"]
[Black "Jacobsen, Mikkel Manosri"]
[Result "1-0"]
[WhiteElo "2302"]
[BlackElo "1886"]
[PlyCount "57"]
[EventDate "2014.??.??"]
[BlackTeam "BMS Skak"]

1. Nf3 d5 2. c4 c6 3. e3 Nf6 4. Nc3 Bg4 5. cxd5 cxd5 6. Qb3 Nc6 7. Qxb7 Bd7 8.
Nb5 Rc8 9. Nxa7 Na5 10. Qa6 Ra8 11. Ne5 e6 12. Nxd7 Nxd7 13. Bb5 Qc7 14. Bxd7+
Kxd7 15. Qb5+ Kd8 16. Qxa5 Rxa7 17. Qxc7+ Kxc7 18. Ke2 Be7 19. d4 Rb8 20. Rd1
Bf6 21. f4 g5 22. fxg5 Bxg5 23. Rd2 Ra4 24. Rc2+ Kd7 25. Bd2 e5 26. dxe5 Re4
27. Rf1 Rxe5 28. Rxf7+ Ke6 29. Rf3 1-0

[Event "Skovbo GM 2014"]
[Site "Skovbo Kulturhus"]
[Date "2014.09.06"]
[Round "3.13"]
[White "Akdag, Dara Sevkan"]
[Black "Mølvig, Julius"]
[Result "0-1"]
[WhiteElo "2228"]
[BlackElo "1913"]
[PlyCount "86"]
[EventDate "2014.??.??"]
[WhiteTeam "BMS Skak"]
[BlackTeam "BMS Skak"]

1. Nf3 Nf6 2. g3 g6 3. Bg2 Bg7 4. c4 O-O 5. O-O d6 6. Nc3 e5 7. d3 Nc6 8. Rb1
a5 9. a3 Nd7 10. b4 axb4 11. axb4 f5 12. Bg5 Nf6 13. b5 Ne7 14. Qd2 f4 15. gxf4
exf4 16. Bxf4 Ng4 17. Bg5 Qe8 18. e4 h6 19. Bh4 g5 20. Bg3 Ng6 21. Nd5 Qf7 22.
h3 N4e5 23. Nxe5 dxe5 24. Kh2 Nf4 25. Bxf4 exf4 26. Bf3 h5 27. Qe2 g4 28. hxg4
hxg4 29. Bxg4 f3 30. Bxf3 Qxf3 31. Ne7+ Kh7 32. Qxf3 Rxf3 33. Kg2 Rxd3 34. Rh1+
Bh6 35. Rh4 Rd6 36. Rbh1 Bd7 37. e5 Re6 38. f4 Re8 39. Nd5 Rg6+ 40. Kf3 Bf5 41.
Nf6+ Rxf6 42. exf6 Be4+ 43. Kg4 Rg8+ 0-1

[Event "Skovbo GM 2014"]
[Site "Skovbo Kulturhus"]
[Date "2014.09.06"]
[Round "3.14"]
[White "Pedersen, Henrik Dahl"]
[Black "Kokholm, Daniel"]
[Result "1-0"]
[WhiteElo "2188"]
[BlackElo "1915"]
[PlyCount "107"]
[EventDate "2014.??.??"]
[WhiteTeam "Køge Skakklub"]
[BlackTeam "Skakklubben K41"]

1. d4 d6 2. c4 Nf6 3. Nc3 Nbd7 4. g3 c6 5. Bg2 e5 6. Nf3 Be7 7. O-O O-O 8. b3
Qc7 9. Ba3 Re8 10. e4 a6 11. Rc1 Bf8 12. Qd2 b6 13. Rfe1 Bb7 14. d5 c5 15. Ng5
h6 16. Nh3 Rad8 17. Bb2 Bc8 18. f4 g6 19. Nf2 Bg7 20. Ncd1 Kh7 21. Nd3 Ng8 22.
Ne3 Re7 23. Rf1 f6 24. Rf2 Nb8 25. Rcf1 Rde8 26. h4 Nd7 27. h5 Nf8 28. hxg6+
Nxg6 29. f5 Nh8 30. Bf3 Nf7 31. Bh5 Rd8 32. Bg6+ Kh8 33. Bxf7 Rxf7 34. Rh2 Bf8
35. Kf2 Rh7 36. Rfh1 Qg7 37. Ne1 Bd7 38. Nf3 Be8 39. Bc1 Rd7 40. Rh4 Rd8 41. g4
Be7 42. Nf1 Bf8 43. Qe2 Be7 44. Be3 Rd7 45. Qd2 Bf7 46. Ng3 Be8 47. Rg1 Bd8 48.
Nh5 Qf8 49. Rgh1 Bxh5 50. Rxh5 Rdg7 51. Nh4 Rxg4 52. Ng6+ Rxg6 53. fxg6 Rd7 54.
Bxh6 1-0

[Event "Skovbo GM 2014"]
[Site "Skovbo Kulturhus"]
[Date "2014.09.06"]
[Round "3.16"]
[White "Stojanovski, Sandi"]
[Black "Møller, Claus Kronholm"]
[Result "1-0"]
[WhiteElo "2174"]
[BlackElo "1892"]
[PlyCount "89"]
[EventDate "2014.??.??"]
[WhiteTeam "Skakklubben K41"]
[BlackTeam "Skovbo Skakklub"]

1. Nf3 c6 2. c4 Nf6 3. e3 d5 4. Qc2 dxc4 5. Bxc4 e6 6. O-O Nbd7 7. d4 Nb6 8.
Bd3 Be7 9. e4 h6 10. h3 Qc7 11. Be3 Bd7 12. Nbd2 Rc8 13. Nb3 O-O 14. Rac1 Rfd8
15. Qd2 Bf8 16. Bf4 Nxe4 17. Bxe4 Bd6 18. Bxd6 Qxd6 19. Nc5 Rc7 20. a4 Bc8 21.
a5 Nd7 22. Nxd7 Rcxd7 23. Qc3 f5 24. Bc2 g5 25. Rfd1 Rg7 26. Ne5 g4 27. hxg4
fxg4 28. Qd2 Rg5 29. Qd3 Qe7 30. Qe3 Qg7 31. g3 h5 32. a6 Rf8 33. axb7 Bxb7 34.
Be4 h4 35. gxh4 Rh5 36. Qg3 Rf6 37. Qxg4 Rxh4 38. Qxg7+ Kxg7 39. f3 Rfh6 40.
Ng4 R6h5 41. Kf2 Rb5 42. Rd2 Rb6 43. Ke3 Kf8 44. Ne5 Rb3+ 45. Rc3 1-0

[Event "Skovbo GM 2014"]
[Site "Skovbo Kulturhus"]
[Date "2014.09.06"]
[Round "3.17"]
[White "Severinsen, Frank"]
[Black "Mølvig, Henrik"]
[Result "0-1"]
[WhiteElo "1801"]
[BlackElo "2152"]
[PlyCount "50"]
[EventDate "2014.??.??"]
[WhiteTeam "Skakklubben K41"]
[BlackTeam "Roskilde Skakklub"]

1. e4 c5 2. Nc3 d6 3. f4 g6 4. Nf3 Bg7 5. a3 Nc6 6. Bb5 Bd7 7. Bc4 e6 8. d3
Nge7 9. O-O O-O 10. Qe1 Nd4 11. Qh4 Nxf3+ 12. Rxf3 Nc6 13. Qh3 Nd4 14. Rf2 b5
15. Ba2 b4 16. axb4 cxb4 17. Ne2 Nxc2 18. Rb1 Nd4 19. Ng3 b3 20. Bxb3 Nxb3 21.
Be3 f5 22. Ne2 Qa5 23. Nc3 Nd4 24. b4 Qa3 25. Bd2 Nb3 0-1

[Event "Skovbo GM 2014"]
[Site "Skovbo Kulturhus"]
[Date "2014.09.06"]
[Round "3.18"]
[White "Kjærgaard-Jensen, Jesper"]
[Black "Borg, Flemming"]
[Result "1-0"]
[WhiteElo "2151"]
[BlackElo "1842"]
[PlyCount "23"]
[EventDate "2014.??.??"]
[WhiteTeam "Haderslev Skakklub"]
[BlackTeam "Allerød Skakklub"]

1. d4 d6 2. Nf3 Nd7 3. Bg5 c6 4. c3 Qc7 5. e4 e5 6. Bc4 Be7 7. Qb3 f6 8. Bxg8
fxg5 9. dxe5 Nxe5 10. Nxe5 dxe5 11. Qf7+ Kd8 12. Qxg7 1-0

[Event "Skovbo GM 2014"]
[Site "Skovbo Kulturhus"]
[Date "2014.09.06"]
[Round "3.19"]
[White "Schmidt, Horst Hubert"]
[Black "Eriksson, Christian Altenburg"]
[Result "0-1"]
[WhiteElo "1754"]
[BlackElo "2130"]
[PlyCount "118"]
[EventDate "2014.??.??"]
[WhiteTeam "Brønshøj Skakforening"]
[BlackTeam "Tåstrup Skakforening"]

1. d4 d5 2. Nf3 Nf6 3. e3 c5 4. Bb5+ Nc6 5. O-O e6 6. c4 dxc4 7. Ne5 Bd7 8.
Nxd7 Qxd7 9. Qa4 cxd4 10. exd4 Be7 11. Nc3 O-O 12. Qxc4 Qxd4 13. Qe2 Qb6 14.
Be3 Qc7 15. Rac1 a6 16. Ba4 Rac8 17. Bb3 Qe5 18. Qf3 Bd6 19. g3 Qh5 20. Qg2 Ng4
21. Bb6 Nce5 22. h3 Nf6 23. Bd1 Qf5 24. g4 Qf4 25. Be3 Qb4 26. Bb3 Nd3 27. Rb1
Nxb2 28. Ne2 Nc4 29. Bd4 Nd5 30. Bxc4 Qxc4 31. Qf3 b5 32. a3 Qa4 33. Bb2 Rc4
34. Rbd1 Qc2 35. Bc1 Qg6 36. Rd3 h5 37. Rd4 Rfc8 38. Rfd1 hxg4 39. hxg4 Rxd4
40. Rxd4 Rc4 41. Rxc4 bxc4 42. Kg2 Qd3 43. Bb2 e5 44. Bc1 g6 45. Ng3 Qxf3+ 46.
Kxf3 f6 47. Ne4 Be7 48. g5 f5 49. Ng3 Kf7 50. Ne2 Ke6 51. a4 Bb4 52. Ng3 Nb6
53. Ke2 Nxa4 54. f4 Nc3+ 55. Kf3 e4+ 56. Ke3 Bc5+ 57. Kd2 Nd5 58. Ke2 a5 59.
Nf1 Bd6 0-1

[Event "Skovbo GM 2014"]
[Site "Skovbo Kulturhus"]
[Date "2014.09.06"]
[Round "3.20"]
[White "Hein, Jacob"]
[Black "Andersen, Daniel"]
[Result "0-1"]
[WhiteElo "1450"]
[BlackElo "1962"]
[PlyCount "96"]
[EventDate "2014.??.??"]
[WhiteTeam "Espergærde Skakklub"]
[BlackTeam "Frederikssund Skakklub"]

1. b3 d5 2. Bb2 Nc6 3. e3 e5 4. Be2 f5 5. Bh5+ g6 6. Be2 Bg7 7. f4 Nf6 8. fxe5
Ng4 9. Bxg4 fxg4 10. d4 Bf5 11. Qd2 Qh4+ 12. g3 Qg5 13. Ne2 Be4 14. Rf1 Bf3 15.
Nf4 Qe7 16. Rxf3 gxf3 17. Nxd5 Qd7 18. Nf6+ Bxf6 19. exf6 Qf5 20. Qf2 O-O-O 21.
Bc3 Nxd4 22. Bxd4 Rxd4 23. exd4 Re8+ 24. Kf1 Re2 25. Qxe2 fxe2+ 26. Kxe2 Qxc2+
27. Nd2 Kd7 28. Rf1 Ke8 29. g4 g5 30. Rf5 Kf7 31. Rc5 Qxa2 32. Rxc7+ Kxf6 33.
Rxh7 Qa6+ 34. Ke3 Qe6+ 35. Ne4+ Kg6 36. Rxb7 Qxg4 37. Rxa7 Qf4+ 38. Kd3 Qf3+
39. Kc4 Qxe4 40. Ra4 Qe2+ 41. Kb4 Qxh2 42. Ka3 Qd6+ 43. Ka2 g4 44. d5 {(=)} Kf5
45. Rd4 g3 46. Rd2 Ke4 47. Kb2 Qxd5 48. Rxd5 Kxd5 0-1

[Event "Skovbo GM 2014"]
[Site "Skovbo Kulturhus"]
[Date "2014.09.06"]
[Round "3.22"]
[White "Madsen, Michael Ole"]
[Black "Brinck-Claussen, Bjørn"]
[Result "0-1"]
[WhiteElo "2077"]
[BlackElo "2234"]
[PlyCount "84"]
[EventDate "2014.??.??"]
[WhiteTeam "Allerød Skakklub"]
[BlackTeam "Sjælsø Skakklub"]

1. d4 Nf6 2. c4 e6 3. Nc3 Bb4 4. Qc2 c5 5. dxc5 O-O 6. Nf3 Na6 7. a3 Bxc3+ 8.
Qxc3 Nxc5 9. e3 b6 10. Be2 Bb7 11. O-O d5 12. Rd1 Qe7 13. b4 Nce4 14. Qb3 dxc4
15. Bxc4 Nd6 16. Be2 Bd5 17. Qb2 Rac8 18. Bd2 Bc4 19. Be1 Bxe2 20. Qxe2 Qc7 21.
Nd4 e5 22. Nb5 Nxb5 23. Qxb5 e4 24. a4 Ng4 25. g3 Ne5 26. Qd5 Nf3+ 27. Kg2 Rfe8
28. a5 Re5 29. axb6 axb6 30. Qa8 h5 31. Qa2 Qc6 32. Bd2 Qg6 33. Rac1 Rce8 34.
Rc7 h4 35. Bc3 Rf5 36. Qb2 hxg3 37. hxg3 Rh5 38. Rh1 Rxh1 39. Kxh1 Qd6 40. Rc4
Qd1+ 41. Kg2 Qg1+ 42. Kh3 Qf1+ 0-1

[Event "Skovbo GM 2014"]
[Site "Skovbo Kulturhus"]
[Date "2014.09.06"]
[Round "3.23"]
[White "Sørensen, Lindved"]
[Black "Pedersen, Hans Dahl"]
[Result "0-1"]
[WhiteElo "1728"]
[BlackElo "2178"]
[PlyCount "108"]
[EventDate "2014.??.??"]
[WhiteTeam "Faxe Skakklub"]
[BlackTeam "Køge Skakklub"]

1. Nf3 d5 2. c4 c6 3. b3 Bf5 4. d3 Nf6 5. Bb2 e6 6. Nh4 Bg4 7. h3 Bh5 8. g4 Bg6
9. Nf3 Nbd7 10. Bg2 h6 11. Nbd2 Be7 12. O-O O-O 13. Re1 Bh7 14. e4 Nc5 15. Qc2
dxe4 16. dxe4 Qd3 17. Nd4 Rad8 18. Qc3 e5 19. Nf5 Bxf5 20. Qxe5 Be6 21. Rad1
Qc2 22. Qc3 Qxc3 23. Bxc3 Nd3 24. Re3 Nf4 25. Bf1 Rd7 26. e5 Nh7 27. Re4 g5 28.
Rde1 Rfd8 29. Nf3 Nf8 30. Nd4 N8g6 31. Nf5 Bf8 32. c5 Bxc5 33. Nxh6+ Kh7 34.
Nf5 Rd1 35. b4 Rxe1 36. Bxe1 Bf8 37. a3 Rd1 38. Re3 Nd5 39. Re4 Bxf5 40. gxf5
Nh4 41. f4 Nf3+ 42. Kf2 Nxe1 43. Rxe1 Rxe1 44. Kxe1 Nxf4 45. Kf2 Bg7 46. f6 Bf8
47. Kf3 Kg6 48. Kg4 Nd5 49. Bd3+ Kh6 50. Kf3 Nf4 51. Bf5 Ne6 52. Ke4 Kh5 53.
Bh7 Kh6 54. Bf5 a5 0-1

[Event "Skovbo GM 2014"]
[Site "Skovbo Kulturhus"]
[Date "2014.09.06"]
[Round "3.24"]
[White "Hagerup, Per"]
[Black "Rosenkilde, Alexander"]
[Result "0-1"]
[WhiteElo "1664"]
[BlackElo "2228"]
[PlyCount "76"]
[EventDate "2014.??.??"]
[WhiteTeam "Tølløse Skakklub"]
[BlackTeam "Tåstrup Skakforening"]

1. e4 c5 2. c3 d5 3. exd5 Qxd5 4. d4 Nc6 5. Nf3 Bg4 6. Be2 cxd4 7. cxd4 e6 8.
Nc3 Qa5 9. O-O Nf6 10. h3 Bh5 11. Bf4 Rd8 12. g4 Bg6 13. a3 Nd5 14. Nxd5 Qxd5
15. Rc1 Be7 16. Bc4 Qa5 17. Qb3 Rd7 18. Rfd1 Be4 19. d5 exd5 20. Be2 O-O 21.
Ne5 Nxe5 22. Bxe5 a6 23. Bd4 Qd8 24. Bb6 Qb8 25. Bf3 Bxf3 26. Qxf3 Qe5 27. Rc2
f5 28. Bd4 Qe4 29. Qxe4 dxe4 30. Rcd2 Rfd8 31. Be3 Rxd2 32. Rxd2 Rxd2 33. Bxd2
g6 34. Kg2 {(=)} Kf7 35. f3 Ke6 36. Kg3 Bd6+ 37. Kf2 Kd5 38. f4 Kc4 0-1

[Event "Skovbo GM 2014"]
[Site "Skovbo Kulturhus"]
[Date "2014.09.06"]
[Round "3.25"]
[White "Jørgensen, Orla Eilegaard"]
[Black "Knudsen, Jes Jacob West"]
[Result "1/2-1/2"]
[WhiteElo "1568"]
[BlackElo "1917"]
[PlyCount "80"]
[EventDate "2014.??.??"]
[WhiteTeam "Allerød Skakklub"]
[BlackTeam "Allerød Skakklub"]

1. e4 d5 2. exd5 Nf6 3. d4 Nxd5 4. c4 Nb6 5. Nc3 e5 6. dxe5 Qxd1+ 7. Kxd1 Nc6
8. f4 Be6 9. b3 O-O-O+ 10. Kc2 Nb4+ 11. Kb2 Bf5 12. a3 Nd3+ 13. Bxd3 Rxd3 14.
Nge2 Bc5 15. Ka2 Rhd8 16. Bb2 Bg4 17. h3 Bxe2 18. Nxe2 Rd2 19. Nc3 Rxg2 20.
Rad1 Be3 21. Rxd8+ Kxd8 22. Rd1+ Kc8 23. f5 Bd2 24. Ne4 Bf4 25. Kb1 Re2 26. f6
gxf6 27. Nxf6 Bxe5 28. Bxe5 Rxe5 29. Rg1 c6 30. Rg8+ Kc7 31. Rg7 Re7 32. Rxh7
Kd6 33. Rh5 Ke6 34. Ne4 f5 35. Nc5+ Ke5 36. Nd3+ Kd4 37. Nf4 Ke4 38. Ne2 Ke3
39. Ng3 Kf4 40. Nxf5 Re5 1/2-1/2